01495nam a2200241Ia 4500001001100000003001000011008004100021040002500062041001300087100003300100245010200133250001100235260008700246300002700333500026400360501011400624520026400738650003401002942000701036957000601043999004201049952016201091L240-12206IT-CnALBA170116s9999||||xx |||||||||||||| ||und|| aIT-CnALBAcIT-CnALBA aITALIANO aGAMBARI P. ELIO, MONFORTANO. 0aL'ITINERARIO DEL RINNOVAMENTO. - MEDITAZIONI PER ESERCIZI SUL RINNOVAMENTO DELLA VITA RELIGIOSA.  a1a ed. a BRESCIA ROMAbMONFORTANE EDIZIONI c1967 [1° Ed.:1967 - Ed.Ling.Originale: 1967] a212 p. (prefazione: 5) aSPIRITO SANTO, ANIMATORE E GUIDA. RINNOVAMENTO. AGGIORNAMENTO. PERSONALITÀ. FEDELTÀ. MATURAZIONE. DOCUMENTI CONCILIARI. ADATTAMENTO. SEQUELA. TESTIMONI. DISCEPOLI. ADEGUAMENTO. CHIESA. COSCIENZA. SACERDOZIO. SERVIZIO. MISSIONE. COMUNIONE FRATERNA. REVISIO aSocietà San Paolo EM - Piazza San Paolo, 14 - 12051 ALBA (CN) (non commercial uses only) ® Copyright 2017 aSPIRITO SANTO, ANIMATORE E GUIDA. RINNOVAMENTO. AGGIORNAMENTO. PERSONALITÀ. FEDELTÀ. MATURAZIONE. DOCUMENTI CONCILIARI. ADATTAMENTO. SEQUELA. TESTIMONI. DISCEPOLI. ADEGUAMENTO. CHIESA. COSCIENZA. SACERDOZIO. SERVIZIO. MISSIONE. COMUNIONE FRATERNA. REVISIO aTEOLOGIA SPIRITUALE CRISTIANA cBK 71 a16959bNOg Copie: 1 c271383d271383 0010406L_2401220671aALBAbALBAd2017-01-16l0oL240-12206r2017-01-16 00:00:00w2017-01-16yBKz(data import: 16 gennaio 2017) - By Epidotti, Vaglietti.